00228nam a2200097Ia 4500008004100000082001600041100002100057245001800078260002600096300000800122150731s2011 xx 000 0 und d a611bH 11 S aSHANKHDHAR, RAMA aHUMAN ANATOMY bAITBS PUB.INDIAc2011 a311